Statistics for All Consoles of Sony

Click here to take the quiz!

General Stats

  • This quiz has been taken 5 times
  • The average score is 8 of 14

Answer Stats

HintAnswer% Correct
1994PlayStation
100%
2000PlayStation2
100%
2006PlayStation3
100%
2013PlayStation4
75%
2012PSVIta
75%
2009PlayStation3 Slim
50%
2016PlayStation4 Pro
50%
2020PlayStation 5
50%
2000PSOne
50%
2004PlayStation2 Slim
25%
2012PlayStation3 Super Slim
25%
2016PlayStation4 Slim
25%
2018Playstation Classic
25%
2012PSPortable
25%

Score Distribution

Percentile by Number Answered

Percent of People with Each Score

Your Score History

You have not taken this quiz